Central Library OPAC University of Rajshahi

Biology. (Record no. 14154)

MARC details
000 -LEADER
fixed length control field 00726cam a22002531 4500
001 - CONTROL NUMBER
control field 14154
003 - CONTROL NUMBER IDENTIFIER
rucl marc code BD-RjUL
005 - DATE AND TIME OF LATEST TRANSACTION
control field 20211208235600.0
008 - FIXED-LENGTH DATA ELEMENTS--GENERAL INFORMATION
fixed length control field 140205s1964 nyua b 001 0 eng
035 ## - SYSTEM CONTROL NUMBER
System control number (BD-RjUL)14206
040 ## - CATALOGING SOURCE
Original cataloging agency DLC/ICU
Transcribing agency ICU
Modifying agency DLC
-- BD-RjUL
Language of cataloging eng
041 1# - LANGUAGE CODE
Language code of text/sound track or separate title engger
082 00 - DEWEY DECIMAL CLASSIFICATION NUMBER
Classification number 574
Author mark and year FRB
100 1# - MAIN ENTRY--PERSONAL NAME
Personal name Frisch, Karl von,
Dates associated with a name 1886-1982.
9 (RLIN) 44214
245 10 - TITLE STATEMENT
Title Biology.
Statement of responsibility, etc. Translated by Jane M. Oppenheimer.
260 ## - PUBLICATION, DISTRIBUTION, ETC. (IMPRINT)
Place of publication, distribution, etc. New York :
Name of publisher, distributor, etc. Harper & Row ,
Date of publication, distribution, etc. c1964.
300 ## - PHYSICAL DESCRIPTION
Pagination xv, 516 p. :
Illustrations illus. (part col.) ;
Size 25 cm.
504 ## - BIBLIOGRAPHY, ETC. NOTE
Bibliography, etc Includes Bibliography: p. 494-504 and index.
650 #0 - SUBJECT ADDED ENTRY--TOPICAL TERM
Topical term or geographic name as entry element Biology.
9 (RLIN) 44215
942 ## - ADDED ENTRY ELEMENTS (KOHA)
Source of classification or shelving scheme Dewey Decimal Classification
Koha item type Books
Holdings
Lost status Source of classification or shelving scheme Damaged status Not for loan Collection code Permanent Location Current Location Shelving location Date acquired Source of acquisition Cost, normal purchase price Total Checkouts Full call number Date last seen Copy number Koha item type
  Dewey Decimal Classification   Not For Loan Non-fiction Central Library, University of Rajshahi Central Library, University of Rajshahi Reading Room 14/06/1967 Asia Foundation. 0.00   574 FRB 1964 05/02/2014 C-1 Books